| 000 | 00768aam a2200277 4500 | ||
|---|---|---|---|
| 005 | 20231005172643.0 | ||
| 008 | 150306b xxu||||| |||| 00| 0 spa d | ||
| 020 | _a9788483226438 | ||
| 041 | _aESP | ||
| 082 | _a305.26 T113e | ||
| 100 |
_aTabloski, Patricia _915896 |
||
| 245 | _aEnfermería gerontológica | ||
| 260 |
_aEspáña _bPearson Educación _c2010 |
||
| 300 | _a936 páginas | ||
| 650 | _aGERONTOLOGIA | ||
| 650 | _aENFERMERIA GERONTOLOGIA | ||
| 650 | _aGERIATRIA | ||
| 650 | _aNUTRICION | ||
| 650 | _aFARMACOLOGIA | ||
| 650 | _aMALTRATO A LOS ADULTOS | ||
| 650 | _aSISTEMAS ANATOMICAS | ||
| 650 | _aDECREPITUD | ||
| 650 | _aMUERTE | ||
| 650 | _aCUIDADOS PALIATIVOS | ||
| 942 |
_cBK _2ddc |
||
| 999 |
_c3752 _d3752 |
||